[Event "RUS-ch"]
[Site "Elista"]
[Date "1996.??.??"]
[Round "3"]
[White "Lastin, Alexander"]
[Black "Epishin, Vladimir"]
[Result "1/2-1/2"]
[WhiteElo "2495"]
[BlackElo "2620"]
[PlyCount "122"]
[EventDate "1996.10.15"]
[Source "ChessBase"]

1. e4 e6 2. d3 d5 3. Nd2 c5 4. g3 Nc6 5. Bg2 g6 6. Ngf3 Bg7 7. O-O Nge7 8. Re1 O-O 9. e5 Qc7 10. Qe2 Bd7 11. h4 f6 12. exf6 Rxf6 13. Nb3 Raf8 14. Bg5 R6f7 15. c4 dxc4 16. dxc4 Nf5 17. Bf4 Qb6 18. Qd2 Nfd4 19. Ng5 Rf5 20. Rad1 Bc8 21. Nc1 h6 22. Ne4 Rxf4 23. gxf4 e5 24. Nd3 exf4 25. f3 Qd8 26. Ndxc5 Qxh4 27. Qf2 Qh5 28. Nb3 Nf5 29. Rd5 g5 30. Nd6 Nxd6 31. Rxd6 g4 32. fxg4 Bxg4 33. Rd5 Ne5 34. Nc5 f3 35. Bf1 Kh8 36. Nd3 Rg8 37. Qg3 f2+ 38. Kxf2 Rf8+ 39. Nf4 Qg5 40. Re4 h5 41. Kg1 Qh6 42. Bg2 Rf5 43. Qe3 b6 44. b3 Qg5 45. Nd3 Bf3 46. Qxg5 Rxg5 47. Rexe5 Bxe5 48. Rd8+ Kg7 49. Nxe5 Bxg2 50. Nd3 Be4+ 51. Kf2 Rg2+ 52. Ke3 Bxd3 53. Kxd3 h4 54. Rd4 h3 55. Rh4 h2 56. b4 Kf6 57. c5 bxc5 58. bxc5 Rxa2 59. c6 Ke7 60. Rh7+ Kd8 61. Kc4 Kc8 1/2-1/2

[Event "Novi Sad (ol)"]
[Site "?"]
[Date "1990.??.??"]
[Round "?"]
[White "Zapata, A."]
[Black "Lautier, J."]
[Result "0-1"]
[WhiteElo "2545"]
[BlackElo "2570"]
[PlyCount "68"]
[EventDate "1990.??.??"]
[Source "ChessBase"]
[SourceDate "1990.07.01"]

1. e4 e6 2. d3 d5 3. Nd2 c5 4. Ngf3 Nc6 5. g3 Bd6 6. Bg2 Nge7 7. O-O O-O 8. Re1 f6 9. c3 Qc7 10. a3 Bd7 11. Qe2 Rac8 12. Nb3 Qb6 13. Nbd2 Kh8 14. Bh3 Qc7 15. b4 e5 16. Bxd7 Qxd7 17. b5 Nd8 18. c4 dxe4 19. Nxe4 Ne6 20. Bb2 Rcd8 21. Nh4 Bc7 22. Rad1 g5 23. Ng2 Ng6 24. Qh5 Qg7 25. Kh1 Rd7 26. h4 gxh4 27. Nxh4 Nxh4 28. Qxh4 f5 29. Nc3 Rf6 30. Nd5 Rh6 31. Nxc7 Rxh4+ 32. gxh4 Nd4 33. Ne6 Qg4 34. Bxd4 cxd4 0-1

[Event "Bundesliga 9900"]
[Site "Germany"]
[Date "2000.04.08"]
[Round "14.5"]
[White "Maiwald, Jens Uwe"]
[Black "Piket, Jeroen"]
[Result "0-1"]
[WhiteElo "2488"]
[BlackElo "2625"]
[PlyCount "98"]
[EventDate "1999.10.??"]
[Source "ChessBase"]
[SourceDate "2000.05.31"]

1. Nf3 d5 2. g3 c5 3. Bg2 Nc6 4. O-O Nf6 5. d3 Bg4 6. h3 Bh5 7. c4 d4 8. b4 cxb4 9. a3 e6 10. Qa4 Nd7 11. Qb5 Bxf3 12. Bxf3 Rb8 13. axb4 a6 14. Qa4 Bxb4 15. Bxc6 bxc6 16. Qxa6 Rb6 17. Qa7 Qc8 18. Nd2 O-O 19. Ne4 c5 20. f4 f5 21. Ng5 Qc6 22. Nf3 h6 23. Ra2 Rfb8 24. Kh2 Kh7 25. Rg1 Qd6 26. Rf1 Bc3 27. Rg1 R8b7 28. Qa8 Rb8 29. Qa4 R8b7 30. Qa8 e5 31. fxe5 Nxe5 32. Qc8 Nd7 33. Bf4 Qc6 34. Ra8 Qxc8 35. Rxc8 Re6 36. Rg2 Ba5 37. Kg1 Rb1+ 38. Kf2 Rb2 39. Kf1 Rb1+ 40. Kf2 Rb2 41. Kf1 Kg6 42. Bc7 Rc6 43. Rd8 Rxc7 44. Rxd7 Rb1+ 45. Kf2 Be1+ 46. Nxe1 Rxd7 47. Nf3 Re7 48. Rg1 Rb2 49. Re1 Re3 0-1

[Event "Novgorod op"]
[Site "Novgorod"]
[Date "1999.03.19"]
[Round "10"]
[White "Ibragimov, Ildar"]
[Black "Lugovoi, Aleksei"]
[Result "1-0"]
[WhiteElo "2602"]
[BlackElo "2510"]
[PlyCount "133"]
[EventDate "1999.03.19"]
[Source "ChessBase"]
[SourceDate "1999.05.10"]

1. e4 c5 2. d3 e6 3. g3 d5 4. Nd2 Nc6 5. Bg2 Nf6 6. Ngf3 g6 7. O-O Bg7 8. exd5 Nxd5 9. Nb3 b6 10. Bg5 f6 11. Bd2 e5 12. c4 Nde7 13. Ne1 O-O 14. f4 exf4 15. Bxf4 Be6 16. Nc2 f5 17. Re1 Qd7 18. Qe2 Bf7 19. Rad1 Rae8 20. Qd2 Nc8 21. Bh6 Rxe1+ 22. Nxe1 Bxh6 23. Qxh6 Ne5 24. Nf3 Nxf3+ 25. Bxf3 Qe7 26. Na1 Qf6 27. b3 Ne7 28. Nc2 Nc6 29. Qd2 Rd8 30. Bg2 Rd6 31. Bxc6 Rxc6 32. d4 cxd4 33. Qxd4 Qxd4+ 34. Rxd4 Rc7 35. Rd8+ Kg7 36. Nd4 Kf6 37. Kf2 Ke7 38. Ra8 Be8 39. Ke3 h6 40. h4 Kf7 41. a4 Re7+ 42. Kd3 Kf6 43. b4 g5 44. Rd8 Bd7 45. c5 bxc5 46. bxc5 f4 47. gxf4 gxh4 48. c6 Bf5+ 49. Kc4 Be4 50. Rd6+ Kg7 51. Ne6+ Kg8 52. c7 Bb7 53. f5 h3 54. Rd8+ Kh7 55. Rd2 Rf7 56. Rf2 h2 57. Rxh2 Rxf5 58. Re2 Bc8 59. Nd4 Rf1 60. Nc6 Rc1+ 61. Kb5 Rb1+ 62. Ka5 Rb7 63. Re7+ Kg6 64. Nb4 h5 65. Nd5 h4 66. Re8 Bd7 67. Rb8 1-0

[Event "Bad Lauterberg"]
[Site "Bad Lauterberg"]
[Date "1991.??.??"]
[Round "7"]
[White "Romanishin, Oleg M"]
[Black "Vogt, Lothar"]
[Result "1/2-1/2"]
[WhiteElo "2600"]
[BlackElo "2510"]
[PlyCount "45"]
[EventDate "1991.11.??"]
[Source "ChessBase"]

1. e4 c5 2. Nf3 e6 3. d3 Nc6 4. g3 d5 5. Qe2 Nge7 6. Bg2 g6 7. O-O Bg7 8. c3 h6 9. h4 d4 10. e5 Nf5 11. Nbd2 dxc3 12. bxc3 O-O 13. Nb3 b6 14. d4 Bb7 15. dxc5 Qc7 16. Bf4 Rac8 17. Rac1 Nce7 18. cxb6 axb6 19. c4 Rfd8 20. Rfd1 Rxd1+ 21. Rxd1 Qxc4 22. Qxc4 Rxc4 23. Rd8+ 1/2-1/2

[Event "Elista ol (Men)"]
[Site "Elista"]
[Date "1998.09.30"]
[Round "2"]
[White "Zhang Zhong"]
[Black "Romanishin, Oleg M"]
[Result "1/2-1/2"]
[WhiteElo "2510"]
[BlackElo "2600"]
[PlyCount "65"]
[EventDate "1998.09.29"]
[Source "ChessBase"]
[SourceDate "1998.11.06"]

1. e4 c5 2. Nf3 e6 3. d3 Nc6 4. g3 Nge7 5. Bg2 g6 6. O-O Bg7 7. c3 d5 8. Qe2 O-O 9. e5 b5 10. h4 b4 11. Be3 bxc3 12. Bxc5 cxb2 13. Qxb2 Qa5 14. Rc1 Ba6 15. d4 Rfb8 16. Qd2 Rb7 17. Qxa5 Nxa5 18. Nbd2 Nec6 19. Rc3 Bh6 20. Nb3 Bc4 21. Nfd2 Bxb3 22. Nxb3 Nxb3 23. axb3 Bd2 24. Rc2 Bb4 25. Ra4 Bxc5 26. Rxc5 Rb6 27. Bf1 Rab8 28. Be2 h5 29. f4 R8b7 30. Ba6 Rb8 31. Be2 R8b7 32. Ba6 Rb8 33. Be2 1/2-1/2

[Event "Ostrava"]
[Site "Ostrava"]
[Date "1994.??.??"]
[Round "3"]
[White "Kavalek, Lubomir"]
[Black "Sokolov, Andrei"]
[Result "1/2-1/2"]
[WhiteElo "2550"]
[BlackElo "2555"]
[PlyCount "48"]
[EventDate "1994.06.??"]
[Source "ChessBase"]

1. e4 c5 2. Nf3 e6 3. d3 d5 4. Nbd2 Bd6 5. g3 Nc6 6. Bg2 Nge7 7. O-O O-O 8. Re1 Bd7 9. c3 a5 10. a4 b6 11. exd5 exd5 12. Nf1 Bg4 13. h3 Bh5 14. g4 Bg6 15. Ng3 Qb8 16. Nf1 Qa7 17. Nh4 Rad8 18. Nxg6 Nxg6 19. d4 cxd4 20. cxd4 Nf4 21. Bxf4 Bxf4 22. Ne3 Nb4 23. Nc2 Nxc2 24. Qxc2 Qd7 1/2-1/2

[Event "New York op"]
[Site "New York"]
[Date "1998.03.19"]
[Round "6"]
[White "Bologan, Viktor"]
[Black "Agrest, Evgenij"]
[Result "1/2-1/2"]
[WhiteElo "2580"]
[BlackElo "2525"]
[PlyCount "94"]
[EventDate "1998.03.16"]
[Source "ChessBase"]
[SourceDate "1998.06.15"]

1. e4 c5 2. Nf3 e6 3. d3 Nc6 4. c3 d5 5. Qe2 Nge7 6. g3 g6 7. Bg2 Bg7 8. O-O b6 9. e5 Ba6 10. Na3 O-O 11. Nc2 Qc7 12. Re1 Rad8 13. Bg5 Rd7 14. Rad1 h6 15. Bf6 Bxf6 16. exf6 Nf5 17. Qd2 Qd8 18. g4 Nd6 19. Qxh6 Qxf6 20. Qc1 d4 21. Qg5 Ne8 22. c4 Bb7 23. a3 Qxg5 24. Nxg5 Nd6 25. b4 Ne7 26. Rb1 Bxg2 27. Kxg2 Rc8 28. b5 Ra8 29. Nf3 Kg7 30. h4 a6 31. bxa6 Rxa6 32. Rh1 Rd8 33. h5 gxh5 34. gxh5 f6 35. Nd2 Kh6 36. f4 Rg8+ 37. Kf3 Nef5 38. Rh3 Ne3 39. Nxe3 dxe3 40. Kxe3 Nf5+ 41. Kf2 Rxa3 42. Rg1 Rxg1 43. Kxg1 Ra1+ 44. Kf2 Ra2 45. Ke1 Ra1+ 46. Kf2 Ra2 47. Ke1 Ra1+ 1/2-1/2

[Event "Manila"]
[Site "Manila"]
[Date "1974.??.??"]
[Round "5"]
[White "Larsen, Bent"]
[Black "Kraidman, Yair"]
[Result "1-0"]
[WhiteElo "2630"]
[BlackElo "2470"]
[PlyCount "79"]
[EventDate "1974.??.??"]
[Source "ChessBase"]

1. g3 c5 2. Bg2 Nc6 3. Nf3 d5 4. O-O e5 5. d3 Be7 6. e4 dxe4 7. dxe4 Qxd1 8. Rxd1 Bg4 9. c3 Rd8 10. Rxd8+ Bxd8 11. Be3 b6 12. Na3 Nge7 13. Nb5 Nc8 14. h3 Be6 15. Bf1 f6 16. Nd2 a6 17. Na3 Nb8 18. Nc2 Kf7 19. a4 Be7 20. h4 a5 21. Bc4 Rd8 22. Na3 Nc6 23. Bxe6+ Kxe6 24. Ndc4 h5 25. Kf1 Rd7 26. Ke2 Nd8 27. Nb5 Nb7 28. f4 exf4 29. gxf4 f5 30. e5 Nd8 31. Rg1 Kf7 32. Nbd6+ Nxd6 33. exd6 Bxd6 34. Rd1 Ke6 35. Nxb6 Rb7 36. Nc4 Be7 37. Bxc5 Bxh4 38. Rd6+ Ke7 39. Nxa5 Rd7 40. Nc6+ 1-0

[Event "San Sebastian op"]
[Site "?"]
[Date "1996.??.??"]
[Round "?"]
[White "Strikovic Aleksa"]
[Black "Razuvaev Yuri S"]
[Result "1/2-1/2"]
[WhiteElo "2520"]
[BlackElo "2580"]
[PlyCount "26"]
[EventDate "1996.??.??"]
[Source "www.chesslib.no"]
[SourceDate "2004.05.04"]

1. e4 c5 2. d3 Nc6 3. g3 d5 4. Nd2 Nf6 5. Ngf3 g6 6. Bg2 Bg7 7. O-O O-O 8. c3 e5 9. a4 Re8 10. exd5 Nxd5 11. Qb3 Na5 12. Qc2 h6 13. Re1 Bf5 1/2-1/2

[Event "Mind Sports Games - Blitz Pair"]
[Site "Pechino CINA"]
[Date "2008.10.08"]
[Round "1"]
[White "Paragua, M."]
[Black "Banikas, H."]
[Result "1-0"]
[WhiteElo "2526"]
[BlackElo "2572"]
[PlyCount "115"]
[EventDate "2008.10.08"]
[Source "www.chesslib.no"]
[SourceDate "2004.05.04"]

1. Nf3 Nf6 2. g3 g6 3. Bg2 Bg7 4. O-O O-O 5. d3 d5 6. Nbd2 c5 7. e4 Nc6 8. c3 dxe4 9. dxe4 Ng4 10. Qe2 Nge5 11. Ne1 b6 12. f4 Nd7 13. e5 Ndb8 14. Nc2 Ba6 15. Nc4 b5 16. Rd1 Qc8 17. N4e3 e6 18. Ng4 h5 19. Nf6+ Bxf6 20. exf6 Nd7 21. Rd6 Bb7 22. Qxb5 a6 23. Rxc6 axb5 24. Rxc8 Raxc8 25. Bxb7 Rc7 26. Bg2 Nxf6 27. Be3 Rd8 28. Bf3 Nd5 29. Rd1 Rdd7 30. Bf2 Kg7 31. Na3 b4 32. Nb5 Rc8 33. c4 Nb6 34. Rxd7 Nxd7 35. Kf1 Kg8 36. Nd6 Rd8 37. Nb7 Rc8 38. Ke2 Kf8 39. Nd6 Rb8 40. Ne4 Rc8 41. Kd2 Ke7 42. Kc2 f5 43. Nd2 Kd6 44. a3 bxa3 45. bxa3 Rc7 46. Nb1 e5 47. Nc3 Ke6 48. Bd5+ Kf6 49. Nb5 Rc8 50. a4 e4 51. a5 Nb8 52. Bb7 Re8 53. Be3 Re6 54. Kd2 Na6 55. Bc8 Rc6 56. Bd7 Nb8 57. Bxc6 Nxc6 58. a6 1-0

[Event "Monarch Assurance"]
[Site "Port Erin"]
[Date "2004.09.28"]
[Round "4.6"]
[White "McNab, Colin"]
[Black "Smirin, Ilia"]
[Result "0-1"]
[WhiteElo "2427"]
[BlackElo "2671"]
[PlyCount "62"]
[EventDate "2004.09.25"]
[Source "Roberto Alvarez"]
[SourceDate "2004.10.05"]

1. Nf3 d5 2. g3 Nf6 3. Bg2 c5 4. d3 Nc6 5. Nbd2 e5 6. e4 Be7 7. O-O O-O 8. a4 Be6 9. exd5 Nxd5 10. c3 Qc7 11. Re1 Rad8 12. a5 Bf5 13. Nc4 Bf6 14. Ng5 h6 15. Ne4 Be7 16. Qa4 Be6 17. Qb5 b6 18. f4 exf4 19. gxf4 Bd7 20. Qb3 b5 21. Ncd6 Be6 22. Nxb5 Qb8 23. Qa4 Nxf4 24. Bxf4 Qxf4 25. Nf2 Qg5 26. Nc7 Ne5 27. Qe4 Bd6 28. Nxe6 fxe6 29. h4 Qg3 30. Nh1 Nf3+ 31. Qxf3 Qh2+ 0-1

[Event "Hoogovens"]
[Site "?"]
[Date "1981.??.??"]
[Round "11"]
[White "Sax Gyula"]
[Black "Sveshnikov Evgeny"]
[Result "1/2-1/2"]
[WhiteElo "2560"]
[BlackElo "2535"]
[PlyCount "57"]
[EventDate "1981.??.??"]
[Source "www.chesslib.no"]
[SourceDate "2004.05.04"]

1. e4 c5 2. d3 e6 3. g3 d5 4. Nd2 Nf6 5. Bg2 Be7 6. Ngf3 Nc6 7. O-O O-O 8. Re1 b5 9. e5 Ne8 10. Nf1 a5 11. h4 a4 12. Ng5 h6 13. Nh3 f6 14. exf6 Bxf6 15. Nf4 Nc7 16. Ne3 a3 17. c3 b4 18. Qc2 axb2 19. Bxb2 bxc3 20. Bxc3 Nb4 21. Bxf6 Rxf6 22. Qxc5 Rxf4 23. gxf4 Nxd3 24. Qc2 Nxe1 25. Rxe1 Bd7 26. f5 Rc8 27. fxe6 Bxe6 28. Nf5 Qf6 29. Nd4 1/2-1/2

[Event "6th Dubai Open"]
[Site "Dubai"]
[Date "2004.04.20"]
[Round "2.9"]
[White "Fedorov, Alexei"]
[Black "Mahjoob, Morteza"]
[Result "1-0"]
[WhiteElo "2616"]
[BlackElo "2478"]
[PlyCount "75"]
[EventDate "2004.04.19"]
[Source "Roberto Alvarez"]
[SourceDate "2004.05.03"]

1. e4 c5 2. Nf3 e6 3. d3 Nc6 4. c3 d5 5. Qe2 Nge7 6. g3 g6 7. Bg2 Bg7 8. O-O b6 9. e5 Ba6 10. a4 d4 11. c4 Bb7 12. Na3 h6 13. Nb5 Nc8 14. Nd2 a6 15. Na3 Na5 16. f4 Qd7 17. b3 h5 18. Rb1 Bxg2 19. Qxg2 Nc6 20. Ne4 Ra7 21. Bd2 Rc7 22. h3 N6e7 23. a5 Nf5 24. axb6 Nxb6 25. Nc2 Qc6 26. b4 Nd7 27. bxc5 Nxc5 28. Nb4 Qd7 29. Nxc5 Rxc5 30. Nxa6 Rc8 31. Rb7 Qa4 32. Nc7+ Kf8 33. Nb5 Kg8 34. Nd6 Nxd6 35. exd6 Bf8 36. Rxf7 Qc2 37. Rc7 Re8 38. Qe4 1-0

[Event "Bundesliga 9495"]
[Site "GER"]
[Date "1994.??.??"]
[Round "?"]
[White "Watson, William N"]
[Black "Ftacnik, Lubomir"]
[Result "1/2-1/2"]
[WhiteElo "2525"]
[BlackElo "2565"]
[PlyCount "93"]
[EventDate "1994.10.??"]
[Source "www.chesslib.no"]
[SourceDate "2004.05.04"]

1. g3 Nf6 2. Bg2 d5 3. d3 g6 4. Nf3 Bg7 5. O-O O-O 6. Nbd2 c5 7. e4 Nc6 8. Re1 h6 9. a3 dxe4 10. dxe4 Be6 11. Rb1 Qb6 12. h3 Rfd8 13. c3 a5 14. Qa4 Nd7 15. Nc4 Qa6 16. Ne3 Qd3 17. Nd2 Nb6 18. Qd1 Ne5 19. Qe2 a4 20. f4 Qxe2 21. Rxe2 Nd3 22. Nf3 Rd7 23. Ne1 Ba2 24. Ra1 Nxc1 25. Rxc1 e5 26. f5 h5 27. Nf3 Rad8 28. g4 hxg4 29. hxg4 Bc4 30. Nxc4 Nxc4 31. Bf1 Rd1 32. Re1 Nxb2 33. fxg6 fxg6 34. Bc4+ Kf8 35. Bd5 R1xd5 36. exd5 Nd3 37. Rcd1 Nxe1 38. Nxe1 e4 39. c4 b5 40. cxb5 Ke7 41. Nc2 Kd6 42. Kf2 Rb8 43. Ke3 Ke5 44. d6 Bf6 45. d7 Rh8 46. b6 Rh3+ 47. Kf2 1/2-1/2

[Event "Rovinj"]
[Site "Zagreb CRO"]
[Date "1975.??.??"]
[Round "?"]
[White "Ljubojevic, Ljubomir"]
[Black "Hulak, Krunoslav"]
[Result "0-1"]
[WhiteElo "2615"]
[BlackElo "2475"]
[PlyCount "78"]
[EventDate "1975.??.??"]
[Source "www.chesslib.no"]
[SourceDate "2004.05.04"]

1. e4 e6 2. d3 c5 3. Nf3 Nc6 4. g3 d5 5. Nbd2 Nge7 6. Bg2 g6 7. O-O Bg7 8. Re1 O-O 9. c3 Qc7 10. exd5 Nxd5 11. Nc4 b6 12. Ng5 Bb7 13. Qg4 Rad8 14. Rxe6 h6 15. Nxf7 Qxf7 16. Qe2 Nxc3 17. bxc3 Bxc3 18. Bxc6 Bxc6 19. Bb2 Rde8 20. Bxc3 Rxe6 21. Ne5 Bf3 22. Qf1 Qf5 23. Re1 Rfe8 24. d4 cxd4 25. Qc4 dxc3 26. Nxf3 Qc5 27. Qb3 Kf7 28. Rd1 Kf8 29. Rd5 Qc7 30. Nd4 Re4 31. Nb5 Qc4 32. Nxc3 Re1+ 33. Kg2 Qf1+ 34. Kf3 R1e3+ 35. Kg4 Qxf2 36. Qc4 Qf3+ 37. Kh3 Rxc3 38. Qh4 Qf1+ 39. Kg4 Rc4+ 0-1

[Event "World Teams, Yerevan ARM"]
[Site "?"]
[Date "2001.??.??"]
[Round "7"]
[White "Dzhumaev, M."]
[Black "Lputian, S."]
[Result "1-0"]
[WhiteElo "2470"]
[BlackElo "2615"]
[PlyCount "59"]
[EventDate "2001.??.??"]
[Source "www.chesslib.no"]
[SourceDate "2004.05.04"]

1. e4 c5 2. Nf3 e6 3. d3 d5 4. Nbd2 Nc6 5. g3 g6 6. Bg2 Bg7 7. O-O Nf6 8. c3 O-O 9. e5 Nd7 10. d4 b5 11. Re1 b4 12. Nf1 a5 13. h4 a4 14. a3 bxc3 15. bxc3 f6 16. Bf4 fxe5 17. dxe5 c4 18. N1h2 Nc5 19. Ng4 Rxf4 20. gxf4 Nd3 21. Re3 Qf8 22. Ng5 Nxf4 23. Qd2 h6 24. Rf3 hxg5 25. hxg5 Nd3 26. Rxf8+ Kxf8 27. Rb1 Ncxe5 28. Nf6 Nf7 29. Qe3 Nde5 30. Qc5+ 1-0